Changes in some physiological latex parameters in relation to over-exploitation and the onset of induced tapping panel dryness (Record no. 55329)
[ view plain ]
| 000 -LEADER | |
|---|---|
| fixed length control field | 01564nam a2200205Ia 4500 |
| 100 ## - MAIN ENTRY--AUTHOR NAME | |
| Personal name | Faridah Yusof |
| 245 #0 - TITLE STATEMENT | |
| Title | Changes in some physiological latex parameters in relation to over-exploitation and the onset of induced tapping panel dryness |
| 260 ## - PUBLICATION, DISTRIBUTION, ETC. (IMPRINT) | |
| Name of publisher | Journal of Natural Rubber Research |
| Year of publication | 1995 |
| 300 ## - PHYSICAL DESCRIPTION | |
| Number of Pages | 182-198 |
| 520 ## - SUMMARY, ETC. | |
| Summary, etc | As tapping panel dryness of the rubber tree developed in response to various stress treatments, significant changes in invertase and polyphenol oxidase activities, total sugars and total solids in the latex were found to be associated with the intensive tapping and ethephon treatments. These changes appeared to be related more to the exhaustion of the laticifer system 9over-exploitation) than to the basic causes of drynes. They were unreliable predictors of dryness in situations where the dryness was not accompanied by increased yield output, as exemplified by the pin-pricking stress treatment. In the early stages of the stress treatments, latex proline and copper content increased with all the experimental treatments attempted, irrespective of whether yield output was increased. .These results suggest that an increase in latex proline or latex copper might serve as a warning indicative of incipient or impending dryness. |
| 650 ## - SUBJECT ADDED ENTRY--TOPICAL TERM | |
| Topical Term | Physiological latex parameters |
| 650 ## - SUBJECT ADDED ENTRY--TOPICAL TERM | |
| Topical Term | Tapping panel dryness |
| 700 ## - ADDED ENTRY--PERSONAL NAME | |
| Personal name | Ghandimathi H |
| 700 ## - ADDED ENTRY--PERSONAL NAME | |
| Personal name | Siti Arija M A |
| 700 ## - ADDED ENTRY--PERSONAL NAME | |
| Personal name | Sivakumaran S |
| 700 ## - ADDED ENTRY--PERSONAL NAME | |
| Personal name | Yeang H Y |
| 700 ## - ADDED ENTRY--PERSONAL NAME | |
| Personal name | Zainab Hamzah |
| 942 ## - ADDED ENTRY ELEMENTS (KOHA) | |
| Koha item type | Journals |
| Withdrawn status | Lost status | Damaged status | Not for loan | Home library | Current library | Shelving location | Date acquired | Serial Enumeration / chronology | Koha item type |
|---|---|---|---|---|---|---|---|---|---|
| Journals | RRII Library | RRII Library | Physiology | 17/12/2021 | Volume 10, Issue 3 | Journals |